South Eastern Kenya University

Library Online Public Access Catalogue


Maritime economics / (Record no. 18586)

MARC details
000 -LEADER
fixed length control field 01322cam a2200385 a 4500
001 - CONTROL NUMBER
control field 15197767
003 - CONTROL NUMBER IDENTIFIER
control field OSt
005 - DATE AND TIME OF LATEST TRANSACTION
control field 20250905073204.0
008 - FIXED-LENGTH DATA ELEMENTS--GENERAL INFORMATION
fixed length control field 080228s2009 enkab b 001 0 eng
010 ## - LIBRARY OF CONGRESS CONTROL NUMBER
LC control number 2008009223
020 ## - INTERNATIONAL STANDARD BOOK NUMBER
International Standard Book Number 9780415275576
020 ## - INTERNATIONAL STANDARD BOOK NUMBER
International Standard Book Number 0415275571
020 ## - INTERNATIONAL STANDARD BOOK NUMBER
International Standard Book Number 9780415275583
Qualifying information pbk.
020 ## - INTERNATIONAL STANDARD BOOK NUMBER
International Standard Book Number 041527558X
Qualifying information pbk.
020 ## - INTERNATIONAL STANDARD BOOK NUMBER
International Standard Book Number 9780203891742
Qualifying information e-book
020 ## - INTERNATIONAL STANDARD BOOK NUMBER
International Standard Book Number 0203891740
Qualifying information e-book
035 ## - SYSTEM CONTROL NUMBER
System control number 15197767
040 ## - CATALOGING SOURCE
Original cataloging agency SEKU
050 00 - LIBRARY OF CONGRESS CALL NUMBER
Classification number HE735
Item number .S76 2009
100 1# - MAIN ENTRY--PERSONAL NAME
Personal name Stopford, Martin.
245 10 - TITLE STATEMENT
Title Maritime economics /
Statement of responsibility, etc. Martin Stopford.
250 ## - EDITION STATEMENT
Edition statement 3rd ed.
260 ## - PUBLICATION, DISTRIBUTION, ETC. (IMPRINT)
Place of publication, distribution, etc. London ;
-- New York :
Name of publisher, distributor, etc. Routledge,
Date of publication, distribution, etc. 2009.
300 ## - PHYSICAL DESCRIPTION
Extent xxiv, 815 p. :
Other physical details ill. (some col.), maps (some col.) ;
Dimensions 26 cm.
336 ## - CONTENT TYPE
Content type term text
Content type code txt
Source rdacontent
337 ## - MEDIA TYPE
Media type term unmediated
Media type code n
Source rdamedia
338 ## - CARRIER TYPE
Carrier type term volume
Carrier type code nc
Source rdacarrier
504 ## - BIBLIOGRAPHY, ETC. NOTE
Bibliography, etc Includes bibliographical references (p. [783]-791) and index.
650 #0 - SUBJECT ADDED ENTRY--TOPICAL TERM
Topical term or geographic name as entry element Merchant marine.
650 #0 - SUBJECT ADDED ENTRY--TOPICAL TERM
Topical term or geographic name as entry element Shipping.
856 41 - ELECTRONIC LOCATION AND ACCESS
Materials specified Table of contents only
Uniform Resource Identifier <a href="http://www.loc.gov/catdir/toc/ecip0812/2008009223.html">http://www.loc.gov/catdir/toc/ecip0812/2008009223.html</a>
856 42 - ELECTRONIC LOCATION AND ACCESS
Materials specified Publisher description
Uniform Resource Identifier <a href="http://www.loc.gov/catdir/enhancements/fy0908/2008009223-d.html">http://www.loc.gov/catdir/enhancements/fy0908/2008009223-d.html</a>
856 42 - ELECTRONIC LOCATION AND ACCESS
Materials specified Contributor biographical information
Uniform Resource Identifier <a href="http://www.loc.gov/catdir/enhancements/fy1101/2008009223-b.html">http://www.loc.gov/catdir/enhancements/fy1101/2008009223-b.html</a>
942 ## - ADDED ENTRY ELEMENTS (KOHA)
Source of classification or shelving scheme Library of Congress Classification
Koha item type General circulation
Holdings
Withdrawn status Lost status Source of classification or shelving scheme Damaged status Not for loan Home library Current library Date acquired Source of acquisition Total Checkouts Full call number Barcode Date last seen Price effective from Koha item type
    Library of Congress Classification     Kitui Town Campus Library Kitui Town Campus Library 05/09/2025 Purchase   HE735 .S76 2009 2025/028703 05/09/2025 05/09/2025 General circulation
Kitui, Kenya.
+254736116989
library@seku.ac.ke